000 00632cam a22002051 4500
001 000017967
005 20200929165310.0
008 750627s1943 xx 000 0 eng
040 _aDO-SdBNP
_cGAT
_dOCoLC
_dDLC
_dBNPHU
082 _a529.5
_bA177c
100 1 _aAchelis, Elisabeth,
_d1880-1973.
_938958
245 1 4 _aThe calendar for everybody, /
_cElisabeth Achelis.
260 _aNew York :
_bG. P. Putnam's sons,
_c1943.
300 _ax, 141 p. ;
_c21 cm.
500 _aIncluye cronología.
500 _aIncluye índice alfabético.
650 4 _aCalendario
_938959
910 _aCatalogación por copia / LC
049 _aBNGR
999 _c17491
_d17491